Linear algebra (Record no. 80524)

MARC details
000 -LEADER
fixed length control field 00715nam a2200169 a 4500
008 - FIXED-LENGTH DATA ELEMENTS--GENERAL INFORMATION
fixed length control field 120416s1969 ||||||||||||||||| || u
020 ## - INTERNATIONAL STANDARD BOOK NUMBER
International Standard Book Number 0177710101
050 ## - LIBRARY OF CONGRESS CALL NUMBER
Classification number QA 251 Tro
100 ## - MAIN ENTRY--PERSONAL NAME
Personal name Tropper, A. Mary
245 10 - TITLE STATEMENT
Title Linear algebra
Statement of responsibility, etc. by A. Mary Tropper
260 ## - PUBLICATION, DISTRIBUTION, ETC.
Place of publication, distribution, etc. London
Name of publisher, distributor, etc. Thomas Nelson & Sons ltd
Date of publication, distribution, etc. 1969
300 ## - PHYSICAL DESCRIPTION
Extent vii, 144p. : ill
350 ## -
-- 0.00
650 #0 - SUBJECT ADDED ENTRY--TOPICAL TERM
Topical term or geographic name entry element ALGEBRAS, LINEAR
995 ## -
-- MAIN LIBRARY OPEN ACCESS
-- 744712
-- CBU-MAIN LIBRARY (Kitwe)
-- 0.00
-- QA 251 Tro
-- 2
-- AVAILABLE
-- Feb 12, 2014
-- 744712
-- Main Library Open Access Collection
995 ## -
-- MAIN LIBRARY OPEN ACCESS
-- 0.00
-- 718518
-- CBU-MAIN LIBRARY (Kitwe)
-- 1
-- 2.50
-- QA 251 Tro
-- 1
-- AVAILABLE
-- 011682
-- Main Library Open Access Collection
999 ## -
-- 80524
-- 80524
Holdings
Withdrawn status Lost status Source of classification or shelving scheme Damaged status Not for loan Permanent Location Current Location Shelving location Date acquired Total Checkouts Full call number Barcode Date last seen Copy number Price effective from Koha item type
          CBU-MAIN LIBRARY, KITWE. CBU-MAIN LIBRARY, KITWE.   06/30/2023   QA 251 Tro 744712 06/30/2023 1 06/30/2023 MONOGRAPH
          CBU-MAIN LIBRARY, KITWE. CBU-MAIN LIBRARY, KITWE.   06/30/2023   QA 251 Tro 011682 06/30/2023 2 06/30/2023 MONOGRAPH